书目信息 |
| 题名: |
电子出版原理及应用
|
|
| 作者: | 徐昌权 著 | |
| 分册: | ||
| 出版信息: | 北京 印刷工业出版社 1997.03 |
|
| 页数: | 444页 | |
| 开本: | 20cm | |
| 丛书名: | ||
| 单 册: | ||
| 中图分类: | G230.7 | |
| 科图分类: | ||
| 主题词: | 出版工作 | |
| 电子资源: | ||
| ISBN: | 7-80000-223-3 | |
| 000 | 00614nam0 2200205 450 | |
| 001 | 0780717081 | |
| 005 | 20071221222538.58 | |
| 010 | @a7-80000-223-3@dCNY21.50 | |
| 100 | @a20071221d1997 km y0chiy0120 ea | |
| 101 | 0 | @achi |
| 102 | @aCN@b110000 | |
| 200 | 1 | @a电子出版原理及应用@Adian zi chu ban yuan li ji ying yong@f徐昌权等著@Fxu chang quan deng zhu |
| 210 | @a北京@c印刷工业出版社@d1997.03 | |
| 215 | @a444页@d20cm | |
| 606 | 0 | @a出版工作 |
| 690 | @aG230.7@v4 | |
| 701 | 0 | @a徐昌权@Axu chang quan@4著 |
| 801 | 0 | @aCN@b大连网信软件有限公司图书馆@c20071221 |
| 905 | @aBZT@dG230.7@e1 | |
| 906 | @dCNY21.50@n0@r1 | |
| 电子出版原理及应用/徐昌权等著.-北京:印刷工业出版社,1997.03 |
| 444页;20cm |
| ISBN 7-80000-223-3:CNY21.50 |
| ● |
| 相关链接 |
|
|
|
正题名:电子出版原理及应用
索取号:G230.7/1
 
预约/预借
| 序号 | 登录号 | 条形码 | 馆藏地/架位号 | 状态 | 备注 |
| 1 | 632400 | 2000632400 | 中心书库北库/ 北库032架B面2列1层36/ [索取号:G230.7/1] | 在馆 | |
| 2 | 632401 | 2000632401 | 中心书库北库/ 北库032架B面2列1层33/ [索取号:G230.7/1] | 在馆 | |
| 3 | 632402 | 2000632402 | 中心书库北库/ 北库032架B面2列1层32/ [索取号:G230.7/1] | 在馆 | |
| 4 | 632403 | 2000632403 | 中心书库北库/ 北库032架B面2列1层34/ [索取号:G230.7/1] | 在馆 | |
| 5 | 632404 | 2000632404 | 中心书库北库/ 北库032架B面2列1层37/ [索取号:G230.7/1] | 在馆 | |
| 6 | 632405 | 2000632405 | 中心书库北库/ 北库032架B面2列1层38/ [索取号:G230.7/1] | 在馆 | |
| 7 | 632406 | 2000632406 | 中心书库北库/ 北库032架B面2列1层39/ [索取号:G230.7/1] | 在馆 | |
| 8 | 632407 | 2000632407 | 中心书库北库/ 北库032架B面2列1层31/ [索取号:G230.7/1] | 在馆 | |
| 9 | 632408 | 2000632408 | 中心书库北库/ 北库032架B面2列1层30/ [索取号:G230.7/1] | 在馆 | |
| 10 | 632409 | 2000632409 | 中心书库北库/ 北库032架B面2列1层35/ [索取号:G230.7/1] | 在馆 |